Les dérivés du pétrole (jeu de mots) - Statistiques

Statistiques générales
  • Ce quiz a été pris 14 fois
  • Le résultat moyen est 19 sur 84
Statistiques - réponses
Hint Réponse % Correct
3 lettres Pet
93%
2 lettres Le
64%
3 lettres Rot
57%
3 lettres Rot
57%
2 lettres Te
57%
2 lettres Et
50%
4 lettres Rôle
50%
4 lettres Tôle
50%
2 lettres Or
43%
4 lettres Pole
43%
2 lettres
43%
4 lettres Trop
43%
3 lettres Lot
36%
4 lettres Lote
36%
3 lettres Ore
36%
4 lettres Pèle
36%
7 lettres Pétrole
36%
5 lettres Poêle
36%
3 lettres Pot
36%
3 lettres Pro
36%
4 lettres Rote
36%
3 lettres Eté
29%
3 lettres Olé
29%
3 lettres Ope
29%
3 lettres Ote
29%
4 lettres Oter
29%
4 lettres Pore
29%
4 lettres Port
29%
5 lettres Porte
29%
6 lettres Portée
29%
4 lettres Pote
29%
3 lettres Let
21%
4 lettres Opte
21%
5 lettres Opter
21%
4 lettres Orée
21%
4 lettres Père
21%
4 lettres Pete
21%
5 lettres Poète
21%
5 lettres Potée
21%
3 lettres Pré
21%
4 lettres Prêt
21%
3 lettres Tel
21%
4 lettres Tope
21%
5 lettres Toper
21%
3 lettres Ere
14%
4 lettres Etre
14%
5 lettres Lèpre
14%
5 lettres Lérot
14%
5 lettres Opère
14%
4 lettres Otée
14%
5 lettres Peler
14%
5 lettres Perle
14%
5 lettres Peter
14%
4 lettres Plot
14%
6 lettres Poêler
14%
5 lettres Prèle
14%
5 lettres Prête
14%
3 lettres Rée
14%
3 lettres Tee
14%
4 lettres Télé
14%
3 lettres Ter
14%
5 lettres Topée
14%
4 lettres Tore
14%
5 lettres Trope
14%
5 lettres Etole
7%
6 lettres Pétole
7%
5 lettres Poter
7%
4 lettres Réel
7%
5 lettres Tôlée
7%
6 lettres Tolère
7%
5 lettres Torée
7%
6 lettres Eploré
0%
5 lettres Lepte
0%
6 lettres Pelote
0%
7 lettres Peloter
0%
5 lettres Pelte
0%
6 lettres Perlot
0%
5 lettres Perte
0%
5 lettres Pétré
0%
6 lettres Petrel
0%
6 lettres Potelé
0%
6 lettres Protée
0%
7 lettres Protèle
0%
6 lettres Replet
0%
Aucun quiz correspondant
Distribution des résultats
% des personnes avec chaque résultat
Percentile par nombre de réponses
Votre historique - résultats
Vous n’avez pas pris ce quiz